| 000 | 01515cam a2200373 a 4500 | ||
|---|---|---|---|
| 001 | 14819433 | ||
| 003 | OSt | ||
| 005 | 20230930155048.0 | ||
| 008 | 070423r20071982nyu b 001 0 eng | ||
| 010 | _a 2007017075 | ||
| 020 | _a9780486462653 (pbk.) | ||
| 020 | _a048646265X (pbk.) | ||
| 035 | _a(OCoLC)ocn123539654 | ||
| 035 | _a(OCoLC)123539654 | ||
| 040 |
_aDLC _cDLC _dYDX _dBAKER _dBTCTA _dYDXCP _dDLC |
||
| 050 | 0 | 0 |
_aQA269 _b.A87 2007 |
| 082 | 0 | 0 |
_a519.3 _bAUB/M |
| 100 | 1 |
_aAubin, Jean Pierre _99653 |
|
| 245 | 1 | 0 |
_aMathematical methods of game and economic theory / _cJean-Pierre Aubin. |
| 250 | _aRev. ed., Dover ed. | ||
| 260 |
_aMineola, N.Y. : _bDover Publications, _c2007. |
||
| 300 |
_axxxii, 616 p. ; _c24 cm. |
||
| 440 | 0 | _aDover books on mathematics | |
| 500 | _aOriginally published: Rev. ed. Amsterdam ; New York : North-Holland Pub. Co., 1982, in series: Studies in mathematics and its applications ; v. 7. | ||
| 504 | _aIncludes bibliographical references (p. 587-613) and index. | ||
| 650 | 0 | _aGame theory. | |
| 650 | 0 | _aEconomics, Mathematical. | |
| 650 | 0 | _aFunctional analysis. | |
| 650 | 0 | _aMathematical optimization. | |
| 856 | 4 | 2 |
_3Publisher description _uhttp://www.loc.gov/catdir/enhancements/fy0730/2007017075-d.html |
| 906 |
_a7 _bcbc _corignew _d1 _eecip _f20 _gy-gencatlg |
||
| 942 |
_2ddc _cBK _h519.3 _iAUB/M _k519.3 _mAUB/M |
||
| 999 |
_c42340 _d42340 |
||